The preacher's complete homiletical commentary on the old testament, v. 19. (Record no. 2175)

000 -LEADER
fixed length control field 00534nam a2200157 a 4500
001 - CONTROL NUMBER
control field :::00019700$&:&@@
003 - CONTROL NUMBER IDENTIFIER
control field OkBaRHE
005 - DATE AND TIME OF LATEST TRANSACTION
control field 20100330204503.0
008 - FIXED-LENGTH DATA ELEMENTS--GENERAL INFORMATION
fixed length control field s1892 j 000 0 eng u
040 ## - CATALOGING SOURCE
Transcribing agency
245 14 - TITLE STATEMENT
Title The preacher's complete homiletical commentary on the old testament, v. 19.
260 ## - PUBLICATION, DISTRIBUTION, ETC. (IMPRINT)
Place of publication, distribution, etc New York, NY., :
Name of publisher, distributor, etc Funk and Wagnells
Date of publication, distribution, etc 1892
650 ## - SUBJECT ADDED ENTRY--TOPICAL TERM
Topical term or geographic name as entry element Bible
General subdivision Commentaries
942 ## - ADDED ENTRY ELEMENTS (KOHA)
Source of classification or shelving scheme
Koha item type Books
Copies
Copy number Date last seen Collection code Price effective from Koha item type Shelving location Full call number Not for loan Source of classification or shelving scheme Lost status Permanent Location Withdrawn status Damaged status Barcode Date acquired
12010-04-14Reference2010-04-14BooksGeneral StacksBS 491 .E1 V.19   RHEMA Bible Training College  197002010-04-14